[Event "Online Olym KO Stage 2021"]
[Site "chess.com INT"]
[Date "2021.09.13"]
[Round "1.13"]
[White "Abdumalik,Z"]
[Black "Krush,I"]
[Result "1-0"]
[WhiteElo "2502"]
[BlackElo "2429"]

1.e4 c5 2.Nf3 d6 3.d4 cxd4 4.Nxd4 Nf6 5.Nc3 Nc6 6.Bg5 e6 7.Qd2 Be7 8.O-O-O O-O
9.h4 Nxd4 10.Qxd4 a6 11.f4 b5 12.h5 h6 13.Bxf6 Bxf6 14.e5 dxe5 15.Qe4 Qb6
16.Bd3 Rd8 17.fxe5 Bg5+ 18.Kb1 Bb7 19.Qh7+ Kf8 20.Rhf1 f6 21.Bg6 Rxd1+ 22.Rxd1 Rd8
23.Qh8+ Ke7 24.Qxg7+  1-0

[Event "Online Olym KO Stage 2021"]
[Site "chess.com INT"]
[Date "2021.09.13"]
[Round "1.11"]
[White "Abdumalik,Z"]
[Black "Krush,I"]
[Result "1-0"]
[WhiteElo "2502"]
[BlackElo "2429"]

1.e4 c5 2.Nf3 d6 3.d4 cxd4 4.Nxd4 Nf6 5.Nc3 Nc6 6.Bg5 e6 7.Qd2 Be7 8.O-O-O O-O
9.h4 Nxd4 10.Qxd4 a6 11.f4 b5 12.e5 dxe5 13.Qxe5 Qb6 14.Bd3 Bb7 15.h5 h6
16.Bh4 Ng4 17.Qe2 Bxh4 18.Qxg4 Bf6 19.Rh3 Rac8 20.f5 Bxc3 21.bxc3 e5 22.Kb2 Qf6
23.Re3 Rfd8 24.Rde1 Rc5 25.a3 a5 26.Be4 Rc4 27.Qf3 Rxe4 28.Rxe4 Rc8 29.Qd3 Bxe4
30.Qxe4 Rc5 31.g4 Kh7 32.Re3 a4 33.Rd3 Rc8 34.Rd5 Rc4 35.Qxe5 Qxe5 36.Rxe5 Rxg4
37.Rxb5 Rg5 38.c4 Rxh5 39.f6 Rh4 40.Kc3 g5 41.c5 Re4 42.c6 Re8 43.Kd4 Kg6
44.Kd5 Kxf6 45.c7 Rc8 46.Kd6 h5 47.Kd7 Rxc7+ 48.Kxc7 h4 49.Rb8 Ke5 50.Rg8 f6
51.c4 h3 52.Kb6 Kf4 53.c5 g4 54.c6 g3 55.c7 h2 56.c8=Q h1=Q 57.Qg4+ Ke5 58.Re8+ Kd6
59.Qe6+  1-0

[Event "Online Olym KO Stage 2021"]
[Site "chess.com INT"]
[Date "2021.09.13"]
[Round "1.12"]
[White "Krush,I"]
[Black "Abdumalik,Z"]
[Result "1-0"]
[WhiteElo "2429"]
[BlackElo "2502"]

1.c4 Nf6 2.Nc3 c5 3.Nf3 d5 4.cxd5 Nxd5 5.g3 Nc6 6.Bg2 g6 7.O-O Bg7 8.d3 O-O
9.Nxd5 Qxd5 10.Be3 Qd6 11.Rc1 Nd4 12.Nxd4 cxd4 13.Bd2 Bg4 14.h3 Be6 15.Qa4 Bd5
16.Rc2 Bxg2 17.Kxg2 Qd5+ 18.f3 h5 19.Qc4 Qd7 20.Rfc1 Rad8 21.Bf4 Qf5 22.Qc5 Qe6
23.Qxa7 Rd5 24.Qxb7 g5 25.Bb8 g4 26.Bf4 gxh3+ 27.Kh2 h4 28.Rg1 Rf5 29.Qe4 Qf6
30.b4 Re8 31.a4 e5 32.Bc1 hxg3+ 33.Rxg3 Rh5 34.Rc6 Qe7 35.Rxg7+ Kxg7 36.Qg4+ Kf8
37.Qxh5 Qxb4 38.Bg5  1-0

[Event "Online Olym KO Stage 2021"]
[Site "chess.com INT"]
[Date "2021.09.14"]
[Round "2.3"]
[White "Koneru,H"]
[Black "Krush,I"]
[Result "0-1"]
[WhiteElo "2586"]
[BlackElo "2429"]

1.d4 d5 2.Nf3 a6 3.e3 Nf6 4.c4 e6 5.b3 c5 6.Bd3 Nc6 7.Bb2 cxd4 8.exd4 Be7
9.O-O O-O 10.Nbd2 b6 11.Qe2 Bb7 12.Rad1 Re8 13.Bb1 Bf8 14.Qe3 a5 15.Ne5 Nxe5
16.dxe5 Nd7 17.cxd5 Bxd5 18.Nc4 Qc7 19.Rc1 Nc5 20.Rfd1 Red8 21.h4 Qb7 22.Qg3 Bxc4
23.bxc4 Qc7 24.h5 Rxd1+ 25.Rxd1 Rd8 26.Qf3 g6 27.hxg6 hxg6 28.g3 Bg7 29.Rxd8+ Qxd8
30.Bc2 Qd2 31.Qc3 Qe2 32.Kg2 Nd7 33.Bd3 Qh5 34.f4 Nc5 35.Bf1 Qd1 36.Qd4 Qc2+
37.Kh3 Bf8 38.Qc3 Qe4 39.Bg2 Qb1 40.g4 Be7 41.a3 Qd1 42.Kg3 Nd3 43.Qd4 Bc5
44.Qd8+ Kh7 45.Qh4+ Kg8 46.Qd8+ Bf8 47.Qd4 Qe1+ 48.Kh2 Qh4+ 49.Kg1 Bc5  0-1

[Event "Online Olym KO Stage 2021"]
[Site "chess.com INT"]
[Date "2021.09.14"]
[Round "2.2"]
[White "Krush,I"]
[Black "Koneru,H"]
[Result "1/2-1/2"]
[WhiteElo "2429"]
[BlackElo "2586"]

1.d4 Nf6 2.c4 e6 3.Nf3 d5 4.Nc3 Be7 5.Bf4 O-O 6.e3 Nbd7 7.Be2 dxc4 8.O-O c5
9.dxc5 Nxc5 10.Bxc4 Qxd1 11.Rfxd1 b6 12.Ne5 Bb7 13.b4 Nce4 14.Nxe4 Bxe4 15.b5 Rfc8
16.a4 Nd5 17.f3 Nxf4 18.exf4 Bf6 19.Rd4 Bb7 20.h4 a6 21.Rad1 axb5 22.Bxb5 Bd5
23.h5 h6 24.Kh2 Rc2 25.R4d2 Rxd2 26.Rxd2 Bxe5 27.fxe5 Rc8 28.Rb2 Rc5 29.Kg3 Kf8
30.Kf4 Bc6 31.Bd3 Bxa4 32.Rxb6  1/2-1/2

[Event "Online Olym KO Stage 2021"]
[Site "chess.com INT"]
[Date "2021.09.14"]
[Round "2.1"]
[White "Koneru,H"]
[Black "Krush,I"]
[Result "1/2-1/2"]
[WhiteElo "2586"]
[BlackElo "2429"]

1.d4 d5 2.c4 dxc4 3.Nf3 a6 4.e3 Bg4 5.Bxc4 e6 6.Nc3 Nc6 7.h3 Bh5 8.Be2 Nf6
9.O-O Bd6 10.b3 O-O 11.Bb2 Qe7 12.Rc1 Rad8 13.Nd2 Bxe2 14.Qxe2 Nd5 15.Nc4 Nxc3
16.Rxc3 f5 17.Nxd6 Qxd6 18.Rc4 Ne7 19.Ra4 Qd7 20.Ba3 c6 21.Ra5 Rfe8 22.Bxe7 Qxe7
23.Rc1 Rd5 24.Rac5 Red8 25.Qf3 g6 26.b4 e5 27.Rxd5 Rxd5 28.Rc5 Rxc5 29.dxc5  1/2-1/2

[Event "Online Olym KO Stage 2021"]
[Site "chess.com INT"]
[Date "2021.09.15"]
[Round "3.1"]
[White "Krush,I"]
[Black "Goryachkina,A"]
[Result "0-1"]
[WhiteElo "2429"]
[BlackElo "2608"]

1.d4 d5 2.c4 c6 3.Nc3 Nf6 4.e3 e6 5.Nf3 Nbd7 6.Be2 Bd6 7.O-O O-O 8.b3 b6
9.Bb2 Bb7 10.Bd3 h6 11.Re1 Re8 12.Rc1 Rc8 13.Rc2 a6 14.Rd2 Qc7 15.h3 dxc4
16.bxc4 c5 17.a4 cxd4 18.exd4 e5 19.d5 Nc5 20.Bb1 Ncd7 21.Bd3 Nc5 22.Bf1 Rcd8
23.Qc2 Bc8 24.Rdd1 Re7 25.Bc1 Rde8 26.Be3 Bd7 27.Ra1 a5 28.Nh4 e4 29.Nb5 Bxb5
30.cxb5 Qd7 31.g3 Nxd5 32.Rad1 Nb4 33.Qc4 Nbd3 34.Re2 g5 35.Ng2 Ne5 36.Rxd6 Nf3+
37.Kh1 Qxh3+  0-1

[Event "Online Olym KO Stage 2021"]
[Site "chess.com INT"]
[Date "2021.09.15"]
[Round "3.2"]
[White "Kosteniuk,A"]
[Black "Krush,I"]
[Result "1-0"]
[WhiteElo "2526"]
[BlackElo "2429"]

1.e4 c5 2.Nf3 d6 3.d4 cxd4 4.Nxd4 Nf6 5.Nc3 Nc6 6.Bg5 e6 7.Qd2 Be7 8.O-O-O a6
9.Nxc6 bxc6 10.Bxf6 gxf6 11.Bc4 O-O 12.Rhe1 Kh8 13.Re3 Rg8 14.f4 d5 15.Qe2 Bd6
16.e5 fxe5 17.fxe5 Bc5 18.Rh3 Qg5+ 19.Kb1 dxc4 20.Ne4 Qxe5 21.Rh5 f5 22.Ng5 Qc7
23.Qe5+ Rg7 24.Rd8+ Qxd8 25.Rxh7+ Kg8 26.Qxg7+  1-0

[Event "ch-USA w 2021"]
[Site "Saint Louis USA"]
[Date "2021.10.06"]
[Round "1.6"]
[White "Lee,Megan"]
[Black "Krush,I"]
[Result "0-1"]
[WhiteElo "2211"]
[BlackElo "2429"]

1.e4 c5 2.Nf3 e6 3.d4 cxd4 4.Nxd4 Nc6 5.Nc3 Qc7 6.Be3 a6 7.Qf3 Nf6 8.O-O-O h5
9.Nxc6 dxc6 10.Qg3 e5 11.Bd4 Nd7 12.h4 b5 13.a3 g6 14.Be3 Be7 15.Be2 Nf6
16.Bg5 a5 17.Qe3 b4 18.Nb1 Ng4 19.Bxg4 Bxg4 20.Bxe7 Qxe7 21.Rd3 Be6 22.g3 c5
23.Qg5 c4 24.Qxe5 f6 25.Qb5+ Kf7 26.Rf3 c3 27.axb4 cxb2+ 28.Kxb2 Rhb8 29.Qg5  0-1

[Event "ch-USA w 2021"]
[Site "Saint Louis USA"]
[Date "2021.10.08"]
[Round "3.4"]
[White "Krush,I"]
[Black "Tokhirjonova,Gulrukhbegim"]
[Result "1/2-1/2"]
[WhiteElo "2429"]
[BlackElo "2322"]

1.c4 Nf6 2.Nc3 d5 3.cxd5 Nxd5 4.d4 g6 5.e4 Nxc3 6.bxc3 Bg7 7.Bc4 c5 8.Ne2 Nc6
9.Be3 O-O 10.O-O b6 11.Rc1 cxd4 12.cxd4 Bb7 13.Qd2 Na5 14.Bd3 Qd7 15.h4 Rfc8
16.h5 Rxc1 17.Rxc1 Rc8 18.h6 Bf8 19.f3 e6 20.Ng3 Rxc1+ 21.Qxc1 Nc6 22.Qb2 Qd6
23.Nf1 Qa3 24.Qxa3 Bxa3 25.Ng3 Nb4 26.Bc4 Bc6 27.Bd2 b5 28.Bb3 a5 29.d5 Bd7
30.dxe6 Bxe6 31.Bxe6 fxe6 32.Bxb4 Bxb4 33.Kf2 Bf8 34.Ke3 a4 35.Ne2 b4 36.Kd3 Bxh6
37.Kc4 Bf8 38.Nd4 Bg7 39.Nc2 b3 40.axb3 axb3 41.Kxb3 Kf7 42.Kc4 Be5 43.Kd3 h5
44.Ke3 g5 45.Nb4 Kf6 46.Nc6 Bc7 47.Ke2 Bb6 48.Kf1 Bc7 49.Ke2 Bb6 50.Kf1 Bc7
51.Ke2 Bb6  1/2-1/2

[Event "ch-USA w 2021"]
[Site "Saint Louis USA"]
[Date "2021.10.09"]
[Round "4.3"]
[White "Yip,Carissa"]
[Black "Krush,I"]
[Result "1-0"]
[WhiteElo "2402"]
[BlackElo "2429"]

1.e4 c6 2.d4 d5 3.e5 Bf5 4.Nf3 e6 5.Be2 c5 6.O-O Nc6 7.Be3 cxd4 8.Nxd4 Nxd4
9.Qxd4 Ne7 10.Qa4+ Nc6 11.c4 dxc4 12.Qxc4 Be7 13.Nc3 O-O 14.f4 h6 15.Rfd1 Qa5
16.Rd7 Rfc8 17.Qb5 Bb4 18.Rc1 Bxc3 19.Rxc3 Qxb5 20.Bxb5 Be4 21.Bf1 Nb4 22.Rxc8+ Rxc8
23.Rd4  1-0

[Event "ch-USA w 2021"]
[Site "Saint Louis USA"]
[Date "2021.10.11"]
[Round "5.6"]
[White "Krush,I"]
[Black "Zatonskih,A"]
[Result "1-0"]
[WhiteElo "2429"]
[BlackElo "2422"]

1.Nf3 d5 2.d4 Nf6 3.c4 e6 4.Nc3 c5 5.cxd5 cxd4 6.Qxd4 exd5 7.Bg5 Be7 8.e3 Nc6
9.Qd3 Be6 10.Be2 Qb6 11.O-O Rd8 12.Nb5 O-O 13.h3 Rd7 14.Nbd4 Qxb2 15.Bxf6 gxf6
16.Rfb1 Qa3 17.Rb3 Qa4 18.Qb1 Nxd4 19.Nxd4 Rc7 20.Rxb7 Qd7 21.Rxc7 Qxc7 22.Bd3 Bc5
23.Bxh7+ Kg7 24.Bf5 Bxd4 25.exd4 Re8 26.Qc2 Qf4 27.Bxe6 Rxe6 28.Rd1 Re4 29.Qd3 Qd6
30.Qd2 Qa6 31.Rb1 Re2 32.Qf4 Qd3 33.Rb3 Qd1+ 34.Kh2 Re6 35.Rg3+ Kf8 36.Qb8+  1-0

[Event "ch-USA w 2021"]
[Site "Saint Louis USA"]
[Date "2021.10.12"]
[Round "6.3"]
[White "Foisor,S"]
[Black "Krush,I"]
[Result "1/2-1/2"]
[WhiteElo "2205"]
[BlackElo "2429"]

1.d4 Nf6 2.Nf3 g6 3.c4 Bg7 4.g3 c5 5.Bg2 cxd4 6.Nxd4 Nc6 7.O-O O-O 8.Nc3 Qa5
9.Nc2 d6 10.Rb1 Bd7 11.Qd2 Rac8 12.b3 Qh5 13.Qg5 Bf5 14.e4 Bd7 15.Qxh5 Nxh5
16.Bb2 Nf6 17.Rfd1 Rfd8 18.h3 Ne8 19.Nd5 Bxb2 20.Rxb2 e6 21.Nc3 e5 22.Ne3 Be6
23.f4 f6 24.f5 Bf7 25.Rbd2 a6 26.Kf2 g5 27.Bf1 h5 28.Be2 Nd4 29.Nc2 Nxc2
30.Rxc2 Kf8 31.Rdc1 Ng7 32.a4 a5 33.Ke3 b6 34.Rd2 Ke7 35.Rcd1 Rc6 36.Nb5 Ne8
37.Nc3 Nc7 38.Nd5+ Nxd5+ 39.exd5 Rcc8 40.Rb1 Kd7 41.Ke4 Kc7 42.Bd1 Rh8 43.Rdb2 h4
44.g4 Ra8 45.Be2 Rhb8 46.Rc1 Be8 47.Bd3 Bd7 48.Rf2 Be8 49.Rb2 Bd7 50.Rf2 Be8
51.Rb2 Bd7  1/2-1/2

[Event "ch-USA w 2021"]
[Site "Saint Louis USA"]
[Date "2021.10.13"]
[Round "7.4"]
[White "Krush,I"]
[Black "Eswaran,Ashritha"]
[Result "1-0"]
[WhiteElo "2429"]
[BlackElo "2244"]

1.d4 Nf6 2.c4 e6 3.Nf3 d5 4.Nc3 Be7 5.Bf4 O-O 6.e3 c5 7.dxc5 Bxc5 8.Qc2 Nc6
9.a3 Qa5 10.Rd1 Re8 11.Nd2 e5 12.Bg5 Nd4 13.Qb1 Bf5 14.Bd3 Bxd3 15.Qxd3 Ne4
16.Nxd5 Nxg5 17.b4 Qd8 18.bxc5 Nde6 19.O-O Nxc5 20.Qc2 Nge6 21.Nf3 f6 22.h4 e4
23.Nc3 Qa5 24.Nxe4 Qxa3 25.Nd6 Red8 26.h5 Qa6 27.Nf5 Qa4 28.Qe2 Rxd1 29.Rxd1 Ne4
30.Rd5 Rd8 31.N3d4 Rxd5 32.cxd5 N6g5 33.f4 Nf7 34.Kh2 Qa1 35.Qb5 Ned6 36.Nxd6 Nxd6
37.Qd7 Qa3 38.Ne6  1-0

[Event "ch-USA w 2021"]
[Site "Saint Louis USA"]
[Date "2021.10.14"]
[Round "8.5"]
[White "Paikidze,N"]
[Black "Krush,I"]
[Result "1/2-1/2"]
[WhiteElo "2374"]
[BlackElo "2429"]

1.e4 c5 2.Nf3 e6 3.d4 cxd4 4.Nxd4 a6 5.Bd3 Nf6 6.Qe2 d6 7.Nc3 Qc7 8.O-O Be7
9.Kh1 Nbd7 10.f4 b5 11.a3 Bb7 12.Bd2 Nc5 13.b4 Nxd3 14.cxd3 O-O 15.a4 bxa4
16.Rfc1 Rfc8 17.Nd5 Qd8 18.Nxe7+ Qxe7 19.Rxa4 Rxc1+ 20.Bxc1 Qc7 21.Bb2 Qb6
22.Qd2 Rc8 23.Ra5 h6 24.h3 Bc6 25.Qe1 Bb5 26.Qg3 Ne8 27.Ra1 Bd7 28.Qe1 Nf6
29.Ra5 Bb5 30.Qg3 Ne8 31.Ra1 Bd7 32.Qe1 Nf6 33.Ra5 Bb5  1/2-1/2

[Event "ch-USA w 2021"]
[Site "Saint Louis USA"]
[Date "2021.10.16"]
[Round "9.4"]
[White "Krush,I"]
[Black "Nemcova,Kat"]
[Result "1-0"]
[WhiteElo "2429"]
[BlackElo "2331"]

1.c4 f5 2.g3 Nf6 3.Bg2 g6 4.b3 Bg7 5.Bb2 O-O 6.Nf3 d6 7.d4 Ne4 8.Nbd2 c5
9.Qc2 cxd4 10.Nxd4 Qb6 11.e3 e5 12.Nb5 a6 13.Nxe4 axb5 14.Nc3 bxc4 15.Nd5 Qd8
16.Qxc4 Be6 17.O-O Nc6 18.Rfd1 Rf7 19.b4 e4 20.Bxg7 Kxg7 21.a4 Ne5 22.Qd4 Bxd5
23.Qxd5 Rd7 24.Bf1 Qg5 25.Be2 h5 26.h4 Qe7 27.Kg2 Rc8 28.Rd2 Qf7 29.Qd4 Qf6
30.Rad1 d5 31.a5 Rcd8 32.b5 Nf7 33.Qc5 Qd6 34.Qxd6 Rxd6 35.a6 bxa6 36.bxa6 Ne5
37.a7 Nc6 38.Rxd5 Rxd5 39.Rxd5 Ra8 40.Rc5 Nxa7 41.Ra5 Kh6 42.Ra6 Kg7 43.Bc4 Rc8
44.Rxa7+ Kf6 45.Ra6+ Kg7 46.Bb5 Rb8 47.Ba4 Kf7 48.Rd6 Kg7 49.Kf1 Kf7 50.Ke2 Rb4
51.Bc2 Rb2 52.Kd2 Kg7 53.Kc3 Ra2 54.Rb6 Ra1 55.Rb1 Ra2 56.Rb2 Ra3+ 57.Bb3 Ra1
58.Ra2 Rb1 59.Bc4 Rd1 60.Ra6 Rd8 61.Bb5 Kf7 62.Ra7+ Ke6 63.Rg7 Kf6 64.Rd7 Ra8
65.Kd4 Ke6 66.Kc5 Ra5 67.Rd6+ Kf7 68.Ra6  1-0

[Event "ch-USA w 2021"]
[Site "Saint Louis USA"]
[Date "2021.10.17"]
[Round "10.3"]
[White "Cervantes Landeiro,Thalia"]
[Black "Krush,I"]
[Result "1/2-1/2"]
[WhiteElo "2175"]
[BlackElo "2429"]

1.d4 Nf6 2.c4 g6 3.Nc3 Bg7 4.e4 d6 5.f3 O-O 6.Nge2 c5 7.Be3 Qa5 8.Nc1 cxd4
9.Nb3 Qb6 10.Bxd4 Qd8 11.Be2 Nc6 12.Be3 Be6 13.O-O Nd7 14.Qd2 a5 15.f4 a4
16.Nd4 Nxd4 17.Bxd4 Bxd4+ 18.Qxd4 Qb6 19.Qxb6 Nxb6 20.Nd5 Nxd5 21.cxd5 Bd7
22.Rac1 Rfc8 23.a3 b6 24.Kf2 Rc5 25.Rc3 Kg7 26.Rfc1 Rb8 27.Ke3 f5 28.exf5 gxf5
29.Kd4 Kf6 30.Bf3 Be8 31.Rc4 Bf7 32.R1c3 Ra8 33.Rb4 Ra6 34.Rcc4 Be8 35.Rc3 Bf7
36.Rcc4 Be8 37.Rc3 Bf7 38.Rcc4  1/2-1/2

[Event "ch-USA w 2021"]
[Site "Saint Louis USA"]
[Date "2021.10.18"]
[Round "11.5"]
[White "Krush,I"]
[Black "Abrahamyan,T"]
[Result "0-1"]
[WhiteElo "2429"]
[BlackElo "2344"]

1.c4 e6 2.Nc3 Bb4 3.Qb3 Ba5 4.Nf3 c5 5.g3 Nc6 6.Bg2 Nf6 7.O-O O-O 8.d3 d6
9.h3 h6 10.e4 Bd7 11.Be3 e5 12.Qd1 a6 13.Nd2 Rb8 14.f4 exf4 15.gxf4 b5 16.Kh2 Nh7
17.Nd5 f5 18.b3 Re8 19.Rg1 Nb4 20.Nf1 bxc4 21.dxc4 fxe4 22.Nxb4 Bxb4 23.Ng3 Nf6
24.Nxe4 Nxe4 25.Bxe4 Qf6 26.Qf3 Bf5 27.Bxf5 Qxf5 28.Rad1 Re6 29.Bc1 Rbe8
30.Rg2 R8e7 31.Bb2 Re3 32.Qd5+ Qxd5 33.Rxd5 Re2 34.Bc1 Rxg2+ 35.Kxg2 Re1
36.Rxd6 a5 37.a3 Bc3 38.Rc6 Rxc1 39.Rxc5 Ra1 40.Rb5 Ra2+ 41.Kf3 Rxa3 42.c5 Bb4
43.c6 Rxb3+ 44.Ke4 Rc3 45.Kd5 Kf7 46.Rb7+ Be7  0-1

[Event "Amazons' Pride Blitz 2021"]
[Site "chess.com INT"]
[Date "2021.10.23"]
[Round "1"]
[White "Krush,I"]
[Black "Doroshenko,D"]
[Result "1-0"]
[WhiteElo "2429"]
[BlackElo "2141"]

1.d4 d5 2.c4 e6 3.Nc3 Nf6 4.cxd5 Nxd5 5.e4 Nxc3 6.bxc3 c5 7.Nf3 cxd4 8.cxd4 Bb4+
9.Bd2 Bxd2+ 10.Qxd2 O-O 11.Bc4 b6 12.O-O Bb7 13.Rfe1 Nd7 14.a4 Nf6 15.Bd3 Qe7
16.a5 bxa5 17.Rxa5 Rfc8 18.h3 Qc7 19.Qa2 Qf4 20.Rxa7 Nxe4 21.Rxa8 Bxa8 22.Ne5 Nd6
23.Qa7 Qg5 24.Bf1 h6 25.Rb1 Be4 26.Rb8 Rxb8 27.Qxb8+ Kh7 28.Qxd6  1-0

[Event "Amazons' Pride Blitz 2021"]
[Site "chess.com INT"]
[Date "2021.10.23"]
[Round "2"]
[White "Pujari,R"]
[Black "Krush,I"]
[Result "1/2-1/2"]
[WhiteElo "2244"]
[BlackElo "2429"]

1.d4 d5 2.c4 dxc4 3.e3 e6 4.Bxc4 Nf6 5.Nf3 c5 6.O-O Nc6 7.Nc3 a6 8.d5 Na5
9.Bb3 Nxb3 10.Qxb3 exd5 11.Rd1 c4 12.Qc2 Bd6 13.e4 Bg4 14.Nxd5 Bxf3 15.gxf3 Nxd5
16.Rxd5 Qc7 17.e5 Be7 18.Be3 O-O 19.Rad1 Rfd8 20.f4 b5 21.Qe4 Rxd5 22.Rxd5 Rd8
23.Qd4 g6 24.Rxd8+ Qxd8 25.Qxd8+ Bxd8 26.Kg2 Kf8 27.Kf3 Ke7 28.Ke4 Ke6 29.Bc5 f5+
30.Kd4 Bf6 31.exf6 Kxf6 32.Kd5 g5 33.Bd4+ Kg6 34.fxg5 Kxg5 35.Ke5 Kg4 36.Be3 b4
37.Bd2 a5 38.f4 h5 39.Kf6 h4 40.Kg6 h3 41.Kf6 Kf3 42.Kxf5 Kg2 43.Kg4 Kxh2
44.f5 Kg2 45.Bf4 h2 46.Bxh2 Kxh2 47.f6 c3 48.bxc3 bxc3 49.f7 c2 50.f8=Q c1=Q
51.Qd6+ Kg2 52.Qd5+ Kf2 53.Qxa5 Qc4+ 54.Kf5 Qf7+ 55.Ke4 Qc4+ 56.Ke5 Qe2+
57.Kd6 Qd3+ 58.Qd5 Qg6+ 59.Kc5 Qc2+ 60.Qc4 Qf5+ 61.Kb4 Qb1+ 62.Qb3 Qe4+ 63.Qc4 Qb1+
64.Kc5 Qf5+ 65.Kb6 Qf6+ 66.Kb5 Qb2+ 67.Ka5 Qd2+ 68.Kb5 Qb2+ 69.Qb3 Qe5+ 70.Kb4 Qd6+
71.Kc4 Qc6+ 72.Kb4 Qb6+ 73.Kc4 Qc6+ 74.Kb4 Qb6+ 75.Kc4 Qc6+  1/2-1/2

[Event "Amazons' Pride Blitz 2021"]
[Site "chess.com INT"]
[Date "2021.10.23"]
[Round "3"]
[White "Krush,I"]
[Black "Fominykh,M"]
[Result "1-0"]
[WhiteElo "2429"]
[BlackElo "2206"]

1.d4 Nf6 2.c4 g6 3.Nc3 Bg7 4.e4 d6 5.Be2 c6 6.Nf3 O-O 7.O-O e5 8.Bg5 h6 9.Bh4 Qc7
10.d5 a5 11.Ne1 Na6 12.Nd3 cxd5 13.cxd5 Nc5 14.Nxc5 Qxc5 15.Rc1 Qb6 16.Qd2 Kh7
17.a4 Nd7 18.Nb5 Nc5 19.Qc2 Re8 20.Nxd6 Qxd6 21.Qxc5 Qxc5 22.Rxc5 g5 23.Bg3 f5
24.exf5 Bxf5 25.Rc7 Rab8 26.Bb5 Red8 27.Bxe5  1-0

[Event "Amazons' Pride Blitz 2021"]
[Site "chess.com INT"]
[Date "2021.10.23"]
[Round "4"]
[White "Krush,I"]
[Black "Maltsevskaya,Aleksandra"]
[Result "1-0"]
[WhiteElo "2429"]
[BlackElo "2411"]

1.d4 Nf6 2.c4 g6 3.Nc3 Bg7 4.e4 d6 5.Nf3 O-O 6.Be2 e5 7.d5 a5 8.h3 Na6 9.Bg5 h6
10.Be3 b6 11.g4 Nc5 12.Nd2 Ne8 13.Qc2 f5 14.gxf5 gxf5 15.Rg1 f4 16.Bxc5 dxc5
17.Bg4 Nd6 18.O-O-O Kh7 19.Nb5 a4 20.a3 Rf7 21.Nf3 Bd7 22.Nxd6 cxd6 23.Rg2 b5
24.cxb5 Bxg4 25.hxg4 Rb7 26.g5 Rxb5 27.gxh6 Bf6 28.Nd2 c4 29.Nxc4 Rc8 30.Kb1 Rbc5
31.Qe2 Rxc4 32.Qh5 Qf8 33.Rdg1 Kh8 34.Qf5 Qxh6 35.Rg6 Rc1+ 36.Rxc1 Rxc1+
37.Kxc1 Qh1+ 38.Kc2 Bg7 39.Rg5  1-0

[Event "Amazons' Pride Blitz 2021"]
[Site "chess.com INT"]
[Date "2021.10.23"]
[Round "5"]
[White "Gunina,V"]
[Black "Krush,I"]
[Result "1-0"]
[WhiteElo "2462"]
[BlackElo "2429"]

1.d4 d5 2.c4 dxc4 3.Nf3 Nf6 4.e3 e6 5.Bxc4 c5 6.O-O Nc6 7.dxc5 Qxd1 8.Rxd1 Bxc5
9.Nc3 O-O 10.a3 Be7 11.b4 Bd7 12.Bb2 Rac8 13.Ne4 Rfd8 14.Nxf6+ Bxf6 15.Bxf6 gxf6
16.Rac1 Ne5 17.Be2 Rxc1 18.Rxc1 Rc8 19.Rd1 Ba4 20.Re1 Rc3 21.Nd4 Rxa3 22.b5 Nd3
23.Rb1 Nc5 24.Rc1 b6 25.h3 Ra2 26.Bc4 Rb2 27.Ra1 Rb4 28.Be2 Kg7 29.Nc6 Rb2
30.Bc4 Bxb5 31.Bxb5 Rxb5 32.Rxa7 Rb1+ 33.Kh2 Rd1 34.Ra8 Rd6 35.Ne7 Rd7 36.Rg8+ Kh6
37.Nc6 Rb7 38.Nd4 b5 39.g4 b4 40.f4 Ne4 41.Nb3 Rc7 42.h4 Rc3 43.Nd4 Rxe3
44.g5+ fxg5 45.hxg5+ Kh5 46.Rg7 Kg4 47.Rxf7 Rd3 48.Nxe6 Rd2+ 49.Kg1 b3 50.Rb7 b2
51.f5 Rd1+ 52.Kg2 b1=Q 53.Rxb1 Rxb1 54.f6 Rb2+ 55.Kf1 Rf2+ 56.Ke1 Rf5 57.Nd4  1-0

[Event "Amazons' Pride Blitz 2021"]
[Site "chess.com INT"]
[Date "2021.10.23"]
[Round "6"]
[White "Ambartsumova,K"]
[Black "Krush,I"]
[Result "1-0"]
[WhiteElo "2370"]
[BlackElo "2429"]

1.d4 d5 2.Nf3 Nf6 3.c4 dxc4 4.Qa4+ Nbd7 5.Qxc4 e6 6.Nc3 a6 7.a4 c5 8.Bg5 cxd4
9.Qxd4 Bc5 10.Qh4 Qb6 11.Rb1 Bb4 12.Qc4 O-O 13.e3 Nd5 14.Bd3 Nc5 15.Bc2 Qa5
16.O-O Nxc3 17.bxc3 Bxc3 18.Qh4 f5 19.Be7 Re8 20.Bd6 Bd7 21.Ne5 Bxe5 22.Bxe5 Bc6
23.Qg5 g6 24.Qf6  1-0

[Event "Amazons' Pride Blitz 2021"]
[Site "chess.com INT"]
[Date "2021.10.23"]
[Round "7"]
[White "Krush,I"]
[Black "Baraeva,I"]
[Result "1-0"]
[WhiteElo "2429"]
[BlackElo "2223"]

1.d4 d5 2.c4 c6 3.cxd5 cxd5 4.Bf4 Nc6 5.e3 Nf6 6.Nc3 a6 7.Bd3 Bg4 8.Qb3 Na5
9.Qa4+ b5 10.Qc2 Rc8 11.h3 Bh5 12.Nge2 e6 13.O-O Bd6 14.Bxd6 Qxd6 15.Nxb5 Qd7
16.Nd6+ Kd8 17.Nxc8 Qxc8 18.Qxc8+ Kxc8 19.Bxa6+ Kd7 20.Nf4 Bg6 21.Nxg6 hxg6
22.Rfc1 Rb8 23.b3 Ne4 24.Bd3 Nd6 25.Rc3 Rb7 26.Rac1 g5 27.f3 g6 28.Rc5 Ra7
29.Bb5+ Nxb5 30.Rxb5 Nc6 31.a4 Na5 32.Rcc5 Nb7 33.Rc3 Nd6 34.Rbc5 Rb7 35.Kf2 Ra7
36.Ke2 Rb7 37.Kd3 Ra7 38.Rc6 Rb7 39.Rxd6+ Kxd6 40.Kc2 f6 41.Rc8 e5 42.Kc3 exd4+
43.exd4 Ke6 44.a5 Kf5 45.g3 Re7 46.a6 Re3+ 47.Kb4 Rxf3 48.a7 Rxg3 49.a8=Q Rxh3
50.Qxd5+  1-0

[Event "Amazons' Pride Blitz 2021"]
[Site "chess.com INT"]
[Date "2021.10.23"]
[Round "8"]
[White "Gomes,Mary"]
[Black "Krush,I"]
[Result "1-0"]
[WhiteElo "2354"]
[BlackElo "2429"]

1.Nf3 c5 2.g3 Nc6 3.Bg2 g6 4.c4 Bg7 5.O-O e6 6.Nc3 Nge7 7.e3 O-O 8.d4 cxd4
9.exd4 d5 10.cxd5 exd5 11.Bg5 h6 12.Be3 Nf5 13.Re1 Re8 14.Qd2 Nxe3 15.Rxe3 Rxe3
16.Qxe3 Be6 17.Rd1 Qb6 18.Na4 Qb4 19.b3 Re8 20.Ne5 Nxe5 21.dxe5 Bd7 22.Bxd5 Bxa4
23.bxa4 Rxe5 24.Qxa7 Re7 25.Qb8+ Kh7 26.Qd8 Bf6 27.Kg2 Kg7 28.Qc8 Qxa4 29.Bb3 Qb4
30.Qc2  1-0

[Event "Amazons' Pride Blitz 2021"]
[Site "chess.com INT"]
[Date "2021.10.23"]
[Round "9"]
[White "Krush,I"]
[Black "Komiagina,M"]
[Result "1-0"]
[WhiteElo "2429"]
[BlackElo "2241"]

1.d4 Nf6 2.c4 e6 3.Nc3 Bb4 4.Qc2 Nc6 5.Nf3 d6 6.Bd2 Qe7 7.a3 Bxc3 8.Bxc3 e5
9.d5 Nb8 10.e4 Nh5 11.g3 O-O 12.Be2 f5 13.Nh4 Nf4 14.Nxf5 Bxf5 15.exf5 Nxe2
16.Kxe2 Nd7 17.g4 Qg5 18.Rag1 Rae8 19.h4 Qf6 20.h5 h6 21.Kd1 Nc5 22.Kc1 a5
23.Bxa5 b6 24.Bc3 Qg5+ 25.Bd2 Qe7 26.g5 hxg5 27.Rxg5 Kh7 28.f6+  1-0

[Event "Titled Tuesday 9th Nov"]
[Site "chess.com INT"]
[Date "2021.11.09"]
[Round "2"]
[White "Schrik,R"]
[Black "Krush,I"]
[Result "0-1"]
[WhiteElo "2201"]
[BlackElo "2421"]

1.d4 Nf6 2.c4 g6 3.Nc3 Bg7 4.e4 d6 5.f3 O-O 6.Bg5 c5 7.d5 h6 8.Be3 e6 9.Qd2 Kh7
10.h4 exd5 11.cxd5 Nh5 12.Nge2 f5 13.exf5 gxf5 14.g4 fxg4 15.fxg4 Bxg4 16.O-O-O Nd7
17.Bh3 Bxh3 18.Rxh3 Ne5 19.Rg1 Qe7 20.Ng3 Nxg3 21.Rhxg3 Rf7 22.Qc2+ Kh8 23.Kb1 Raf8
24.a3 Nf3 25.Rxg7 Rxg7 26.Rxg7 Kxg7 27.Qg2+ Kh7 28.Qc2+ Kh8 29.Bxh6 Rg8 30.Ne4 Nd4
31.Qd3 Rg1+ 32.Ka2 Qe5 33.Bg5 Qxd5+ 34.b3 Rg2+ 35.Ka1 Nxb3+ 36.Qxb3 Qxb3  0-1

[Event "Titled Tuesday 9th Nov"]
[Site "chess.com INT"]
[Date "2021.11.09"]
[Round "3"]
[White "Maksimovic,Bojan"]
[Black "Krush,I"]
[Result "0-1"]
[WhiteElo "2451"]
[BlackElo "2421"]

1.Nf3 Nf6 2.c4 g6 3.b3 Bg7 4.Bb2 O-O 5.g3 c5 6.Bg2 Nc6 7.O-O d6 8.d4 cxd4
9.Nxd4 Bd7 10.Nc3 Nxd4 11.Qxd4 Bc6 12.Nd5 Bxd5 13.cxd5 Nh5 14.Qd2 Bxb2 15.Qxb2 Rc8
16.Rac1 Qb6 17.Bh3 Rc5 18.Rxc5 Qxc5 19.Rc1 Qxd5 20.Bg2 Qa5 21.Bxb7 Rb8 22.Bf3 Nf6
23.Qc2 Re8 24.Qc3 Qa3 25.b4 Qxa2 26.Ra1 Qe6 27.Rxa7 Rb8 28.Qc7 Rxb4 29.Qxe7 Qxe7
30.Rxe7 d5 31.Kg2 h5 32.Ra7 Kg7 33.Ra5 Rd4 34.h4 Rd2 35.Kf1 Rd1+ 36.Kg2 d4
37.Ra3 Ng4  0-1

[Event "Titled Tuesday 9th Nov"]
[Site "chess.com INT"]
[Date "2021.11.09"]
[Round "4"]
[White "Krush,I"]
[Black "Bologan,V"]
[Result "0-1"]
[WhiteElo "2421"]
[BlackElo "2574"]

1.c4 e5 2.Nc3 Bb4 3.Qc2 Nf6 4.Nf3 Nc6 5.e3 a5 6.d3 O-O 7.Be2 d5 8.cxd5 Bxc3+
9.bxc3 Nxd5 10.O-O b6 11.c4 Nde7 12.Bb2 Ng6 13.d4 exd4 14.Nxd4 Nxd4 15.exd4 Qg5
16.Bf3 Rb8 17.Kh1 Bf5 18.Qc3 Nh4 19.Bd5 Be6 20.Bc6 Bd7 21.Be4 Rfe8 22.f4 Qf6
23.Rae1 b5 24.Qc2 bxc4 25.Bxh7+ Kh8 26.Be4 Rxe4 27.Rxe4 Bc6 28.Bc3 Bxe4 29.Qxe4 Nf5
30.g4 Nd6 31.Qe5 Qg6 32.g5 Re8 33.Qd5 Qd3 34.Rg1 Qxc3 35.g6 fxg6 36.Rxg6 Qe1+
37.Rg1 Qe4+  0-1

[Event "Titled Tuesday 9th Nov"]
[Site "chess.com INT"]
[Date "2021.11.09"]
[Round "5"]
[White "Krush,I"]
[Black "Magallanes,Rey Jomar"]
[Result "1-0"]
[WhiteElo "2421"]
[BlackElo "2036"]

1.c4 Nf6 2.Nc3 g6 3.e4 d6 4.d4 Bg7 5.Be2 O-O 6.Nf3 Nbd7 7.O-O e5 8.Be3 Qe7
9.d5 c6 10.Nd2 c5 11.Kh1 a6 12.Rb1 Nb6 13.b4 Ng4 14.Bxg4  1-0

[Event "Titled Tuesday 9th Nov"]
[Site "chess.com INT"]
[Date "2021.11.09"]
[Round "6"]
[White "Kadam,Om Manish"]
[Black "Krush,I"]
[Result "0-1"]
[WhiteElo "2114"]
[BlackElo "2421"]

1.e4 c5 2.Nf3 d6 3.d4 cxd4 4.Nxd4 Nf6 5.Nc3 Nc6 6.g3 e6 7.Bg2 Bd7 8.O-O a6
9.Nb3 Be7 10.Be3 O-O 11.a4 Na5 12.Nxa5 Qxa5 13.Qd2 Rfc8 14.Rfd1 Bc6 15.h3 Kf8
16.g4 Qb4 17.a5 Nd7 18.Bd4 Ne5 19.Qe2 Nc4 20.b3 Nxa5 21.Qd2 Be8 22.f4 e5
23.fxe5 dxe5 24.Bxe5 Nc6 25.Bf4 Bc5+ 26.Kh1 Bd4 27.Nd5 Qxd2 28.Bxd2 Bxa1
29.Rxa1 Rd8 30.Bg5 f6 31.Be3 Bf7 32.Bc5+ Kg8 33.Nb6 Rab8 34.c4 Ne5 35.Rc1 Rd2
36.Be3 Rd3 37.Bf4 Rxb3 38.c5 Rd8 39.Nd5 Nd3 40.Rg1 Bxd5 41.exd5 Nxf4 42.d6 Nxg2
43.Kxg2 Rc3 44.Re1 Rxc5  0-1